000 00350nam a2200145Ia 4500
005 20251222152032.0
008 251222s9999||||xx |||||||||||||| ||spa||
020 _a8426327346
082 _a863.64/G49
100 _aGisbert, Joan Manuel
245 0 _aLos Espejos Venecianos
250 _a1ra.ed.
264 _bEditorial Luis Vives,
942 _cLIB
999 _c25725
_d25725